| 000 | 006890000a22002050004500 | ||
|---|---|---|---|
| 003 | LK-CoMWRAF | ||
| 005 | 20240120121943.0 | ||
| 008 | 230817t2002 ||||| |||| 00| 0 eng d | ||
| 040 |
_aLK-CoMWRAF _dLK-CoMWRAF _eLK-CoMWRAF |
||
| 041 | _aeng | ||
| 082 |
_a323.3409 _bSHA |
||
| 100 | _aShaheed, Farida | ||
| 245 |
_a Imagined citizenship : _b women, state & politics in Pakistan |
||
| 260 |
_aLahore: _bShirkat Gah Women's Resource Centre, _c2002 |
||
| 300 |
_a 187 p. : ill. (chiefly color), map ; 28 cm _bBibliography and glossary included |
||
| 650 | _aWomen Attitudes-Pakistan | ||
| 650 | _aWomen Political activity -Pakistan | ||
| 650 | _aWomen in public life- Pakistan | ||
| 942 | _cBK | ||
| 999 |
_c450 _d450 |
||